| 000 | 00641 a2200181 4500 | ||
|---|---|---|---|
| 020 | _a0137903952 | ||
| 040 |
_aDLC _bDLC |
||
| 082 | 0 | 0 | _a006.3 |
| 100 | 1 | _aRussell, Stuart J. | |
| 245 | 1 | 0 |
_aArtificial intelligence : a modern approach _cStuart J. Russell and Peter Norvig ; contributing writers, John F. Canny ... [et al.]. |
| 250 | _a2nd ed. | ||
| 260 |
_aUpper Saddle River, N.J. : _bPrentice Hall/Pearson Education, _cc2003. |
||
| 300 |
_axxviii, 1080 p. : _bill. ; _c27 cm. |
||
| 440 | 0 | _aPrentice Hall series in artificial intelligence | |
| 650 | 0 | _aArtificial intelligence. | |
| 700 | 1 | _aNorvig, Peter. | |
| 942 |
_cBK _k006.3 RUS _2ddc |
||
| 999 |
_c9521 _d9521 |
||